Твоя мастерская (Запись № 1229426)

Подробности
000 -МАРКЕР
контрольное поле 02223nam0a2200385 4500
001 - ИДЕНТИФИКАТОР ЗАПИСИ
контрольное поле RU\NLR\bibl\517958
005 - ИДЕНТИФИКАТОР ВЕРСИИ
контрольное поле 20260405153035.0
010 ## - МЕЖДУНАРОДНЫЙ СТАНДАРТНЫЙ НОМЕР КНИГИ (ISBN)
Номер (ISBN) 5-09-013446-4
Тираж 30000
021 ## - НОМЕР ГОСУДАРСТВЕННОЙ РЕГИСТРАЦИИ
Код страны российская федерация
Номер 2004-128
Номер Листа государственной регистраци 7
035 ## - ДРУГИЕ СИСТЕМНЫЕ НОМЕРА
Идентификатор записи (NLR Aleph) 000510377
100 ## - ДАННЫЕ ОБЩЕЙ ОБРАБОТКИ
Данные общей обработки 20040507d2004 |||y0rusy50 ca
101 0# - ЯЗЫК РЕСУРСА
Язык текста, звукозаписи и т.д. русский
102 ## - СТРАНА ПУБЛИКАЦИИ ИЛИ ПРОИЗВОДСТВА
Страна публикации российская федерация
105 ## - ПОЛЕ КОДИРОВАННЫХ ДАННЫХ: ТЕКСТОВЫЕ МАТЕРИАЛЫ, МОНОГРАФИЧЕСКИЕ
Кодированные данные о монографическом текстовом документе a |||||||||
200 1# - ЗАГЛАВИЕ И СВЕДЕНИЯ ОБ ОТВЕТСТВЕННОСТИ
Основное заглавие Твоя мастерская
Сведения, относящиеся к заглавию Рабочая тетр. по изобраз. искусству к учеб. "Искусство и ты" для 2 кл. нач. шк.
Первые сведения об ответственности [Н.А. Горяева, Л.А. Неменская, А.С. Питерских и др.]
Последующие сведения об ответственности Под ред. Б.М. Неменского
205 ## - СВЕДЕНИЯ ОБ ИЗДАНИИ
Сведения об издании 5-е изд.
210 ## - ПУБЛИКАЦИЯ, РАСПРОСТРАНЕНИЕ И ДР.
Место издания, распространения и т.д. М.
Имя издателя, распространителя и т. д. Просвещение
Дата издания, распространения и т.д. 2004
215 ## - ФИЗИЧЕСКАЯ ХАРАКТЕРИСТИКА
Специфическое обозначение материала и объем 47, [1] c.
Другие сведения о физической характеристике цв. ил.
Размеры 29
225 1# - СЕРИЯ
Основное заглавие серии Тетрадь по изобразительному искусству
604 ## - ИМЯ И ЗАГЛАВИЕ КАК ПРЕДМЕТ
Связываемые данные 700#1$aКоротеева$bЕ. И.$gЕлена Ивановна$4070
-- 50010$aИскусство и ты: Учеб. для 2 кл. четырехлет. нач. шк.$2psbo
Имя лица Коротеева, Елена Ивановна
Заглавие Искусство и ты: Учеб. для 2 кл. четырехлет. нач. шк.
606 0# - НАИМЕНОВАНИЕ ТЕМЫ КАК ПРЕДМЕТ
Наименование темы Изобразительное искусство
Формальный подзаголовок Руководства, пособия и т.п. для средней школы
Системный номер авторитетной/нормативной записи 2077705
Идентификатор авторитетной/нормативной записи RU\NLR\auth\661253401
606 0# - НАИМЕНОВАНИЕ ТЕМЫ КАК ПРЕДМЕТ
Наименование темы Изобразительное искусство
Формальный подзаголовок Рабочие тетради для начальной школы
Системный номер авторитетной/нормативной записи 2077705
Идентификатор авторитетной/нормативной записи RU\NLR\auth\661253401
686 ## - ИНДЕКСЫ ДРУГИХ КЛАССИФИКАЦИЙ
Индекс Щ100.80я72
701 #1 - ИМЯ ЛИЦА - АЛЬТЕРНАТИВНАЯ ОТВЕТСТВЕННОСТЬ
Код отношения Автор
Начальный элемент ввода Горяева
Часть имени, кроме начального элемента ввода Н. А.
Дополнения к именам, кроме дат канд. пед. наук
Расширение инициалов личного имени Нина Алексеевна
Системный номер авторитетной/нормативной записи 195780
Идентификатор авторитетной/нормативной записи RU\NLR\AUTH\770195831
701 #1 - ИМЯ ЛИЦА - АЛЬТЕРНАТИВНАЯ ОТВЕТСТВЕННОСТЬ
Начальный элемент ввода Неменская
Часть имени, кроме начального элемента ввода Л. А.
Даты 1955-
Расширение инициалов личного имени Лариса Александровна
Код отношения Автор
701 #1 - ИМЯ ЛИЦА - АЛЬТЕРНАТИВНАЯ ОТВЕТСТВЕННОСТЬ
Начальный элемент ввода Питерских
Часть имени, кроме начального элемента ввода А. С.
Расширение инициалов личного имени Алексей Сергеевич
Код отношения Автор
702 #1 - ИМЯ ЛИЦА - ВТОРИЧНАЯ ОТВЕТСТВЕННОСТЬ
Код отношения Редактор
Материалы, к которым относится поле rus
Графика поля Кириллица
Начальный элемент ввода Неменский
Часть имени, кроме начального элемента ввода Б. М.
Даты 1922 -
Расширение инициалов личного имени Борис Михайлович
Идентификатор авторитетной/нормативной записи RU\NLR\auth\7764079
Системный номер авторитетной/нормативной записи 47008
801 #0 - ИСТОЧНИК ЗАПИСИ
Страна российская федерация
Организация NLR
Дата составления 20040507
Правила каталогизации PSBO
801 #1 - ИСТОЧНИК ЗАПИСИ
Страна российская федерация
Организация NLR
Дата составления 20040507
830 ## - ОБЩЕЕ ПРИМЕЧАНИЕ, СОСТАВЛЕННОЕ КАТАЛОГИЗАТОРОМ
Текст примечания Авт. по кн.
942 ## - ДОПОЛНИТЕЛЬНЫЕ ЭЛЕМЕНТЫ ЗАПИСИ (АБИС)
Тип экземпляра АБИС Книга
980 ## - КОЛЛЕКЦИЯ
Название коллекции Национальная библиография
Экземпляры
Тип экземпляра Дата поступления Источник поступления Библиотека постоянного хранения Библиотека текущего хранения Место хранения Шифр хранения Штрих-код Статус не для выдачи
Книга 07.05.2004 Обязательный экземпляр РНБ (Московский) РНБ (Московский) Русский книжный фонд: издания с 1957 года, 3этаж 2004-8/1311 1-1506633  
Книга 07.05.2004 Обязательный экземпляр РНБ (Московский) РНБ (Московский) Обменный фонд   682702